000 00453nam a2200157 i 4500
001 134780
003 ES-MaACL
005 20230906194737.0
007 t|
008 070913s1972 sp ||||1| spa d
100 1 _aYdígoras, Carlos María.
_9117599
245 1 0 _aAlgunos no hemos muerto /
_cCarlos M. Ydígoras.
260 _aMadrid :
_bOrganización Sala Editorial,
_c[1972]
300 _a459 p. ;
_c20 cm.
852 _aES-MaACL
_jC-49941
_bR.85066
999 _c134780
_d134780